000 00383nam a22001697a 4500
005 20260408124016.0
008 160628b xxu||||| |||| 00| 0 eng d
020 _a0-348-104735
041 _aeng
082 _a813.54
100 _aGore Vidal
_98949
245 _aJulian
260 _bAlcus
_c1962
300 _a532
650 _a20th-century American fiction
_98950
942 _cBK
999 _c4435
_d4434